000 01922namaa22003617i 4500
001 768714001
003 CO-MdFUSB
005 20260225160602.0
007 cr aa aaaaa
008 180403s2024 ck ||||| |||| 00| 0 spa dd
040 _aCO-MdFUSB
_bEspañol
_cCO-MdFUSB
_dCO-MdFUSB
041 _aspa
043 _ack
100 _aSuárez Rodríguez, Nicolás,
_eautor
245 _aSufrimiento por conflictos fraternos :
_buna respuesta a partir de 1 Pedro 1:22-2:3
_c/ Nicolás Suárez Rodríguez ; asesorado por Sandro Gutiérrez
264 1 _aMedellín, Colombia :
_bFUSBC,
_c2024
300 _aRecurso electrónico
336 _2rdacontent
_atexto
_btxt
337 _2rdamedia
_ainformático
_bc
338 _2rdacarrier
_aremoto
_bcr
502 _aTrabajo de grado
_b(Teología) --
_cFundación Universitaria Seminario Bíblico de Colombia,
_d2024
504 _aBibliografía (página 20)
506 _aAcceso en línea
520 _aEsta investigación estudia el sufrimiento de los cristianos a quienes fue dirigida 1 Pedro, para determinar si una de sus causas fueron los conflictos entre creyentes y la solución propuesta por el apóstol Pedro en 1 P 1:22-2:3. Los principales hallazgos indican que los pecados mencionados en 1 P 2:1 sí constituyen evidencia sobre una suerte de persecución y conflictos internos. Dos conclusiones principales son que la iglesia sí experimentó sufrimiento por los conflictos fraternos, y que el apóstol se propuso resolver este problema exhortándolos al amor fraternal (1:22) y la búsqueda de la palabra de Dios (2:2).
630 0 7 _aBiblia.
_pPedro, 1ª
_xCrítica, interpretación, etc.
650 7 _aAmor
_9366
650 7 _aSufrimiento
_9281
653 _aConflictos fraternales
700 _aGutiérrez, Sandro
_easesor
_91181
856 _aREPCI
_uhttps://repositorio.repci.co/handle/123456789/773
942 _cTG
999 _c71265
_d71265